[Event "8th Sunway Sitges 2021"]
[Site "Sitges ESP"]
[Date "2021.12.21"]
[Round "8.66"]
[White "Pogorelov, Ruslan"]
[Black "Toncheva, Nadya"]
[Result "1-0"]
[WhiteTitle "GM"]
[BlackTitle "FM"]
[WhiteElo "2345"]
[BlackElo "2197"]
[WhiteFideId "14100363"]
[BlackFideId "2924056"]
[EventDate "2021.12.13"]

1. Nf3 c5 2. c4 Nc6 3. d4 cxd4 4. Nxd4 e6 5. e4 Nf6 6. Nc3 Bb4 7. Nxc6 bxc6 8.
Bd3 Qa5 9. Bd2 Qc7 10. O-O O-O 11. a3 Be7 12. b4 Rd8 13. Qe2 d5 14. cxd5 cxd5
15. e5 Nd7 16. f4 Qb8 17. Nb5 Ba6 18. Rac1 Rc8 19. Rxc8+ Qxc8 20. Be3 Bxb5 21.
Bxb5 Nb6 22. Rc1 Qd8 23. Ba6 Qd7 24. Qb5 Bd8 25. Qc6 h6 26. Kf1 Qxc6 27. Rxc6 g5
28. g3 Kg7 29. Ke2 Nd7 30. a4 Rb8 31. Bd2 gxf4 32. gxf4 Rb6 33. Rxb6 Bxb6 34. a5
Bg1 35. Bc8 Nb8 36. b5 Kf8 37. Bb4+ Ke8 38. h3 Kd8 39. Bb7 Nd7 40. Bd6 Nc5 41.
Bc6 Nb3 42. a6 Bb6 43. Kf3 Nd4+ 44. Kg4 Nf5 45. Bf8 Bg1 46. Kh5 Be3 47. h4 Ng3+
48. Kxh6 Bxf4+ 49. Kg7 Bxe5+ 50. Kxf7 Bc7 51. Kxe6 d4 52. Bb7 1-0

[Event "8th Sunway Sitges 2021"]
[Site "Sitges ESP"]
[Date "2021.12.21"]
[Round "8.67"]
[White "Domingo Nunez, Alejandro"]
[Black "Van Foreest, Machteld"]
[Result "1-0"]
[WhiteTitle "FM"]
[WhiteElo "2340"]
[BlackElo "2189"]
[WhiteFideId "22245561"]
[BlackFideId "1051563"]
[EventDate "2021.12.13"]

1. e4 e5 2. Nf3 Nc6 3. Bc4 Bc5 4. c3 Nf6 5. d3 a5 6. O-O Ba7 7. Nbd2 O-O 8. h3
d6 9. Re1 Ne7 10. Bb3 Ng6 11. d4 Qe7 12. Nf1 Nh5 13. Ne3 Nhf4 14. Nf5 Qf6 15.
Bc2 h6 16. g3 Nxh3+ 17. Kg2 d5 18. Qd3 Bxf5 19. exf5 e4 20. Rxe4 dxe4 21. Qxe4
Rae8 22. Qxb7 Re2 23. Bd3 Rxf2+ 24. Kxh3 c6 25. Be4 Rxf3 26. Bxf3 Qxf5+ 27. Kg2
Qc2+ 28. Kf1 Bb8 29. Qxc6 Bxg3 30. Be2 Nh4 31. Be3 Qf5+ 32. Kg1 Qh3 33. Bd3 Bb8
34. Kf2 Rc8 35. Qe4 f5 36. Qe6+ Kh7 37. Rg1 Qf3+ 38. Ke1 Rc6 39. Qe8 Bg3+ 40.
Kd2 Bf2 41. Rf1 Bxe3+ 42. Qxe3 Qxe3+ 43. Kxe3 Re6+ 44. Kd2 Rf6 45. c4 g5 46. c5
g4 47. Rc1 Re6 48. d5 Nf3+ 49. Kc3 Re5 50. Kc4 Nd2+ 51. Kd4 Nf3+ 52. Kc4 Nd2+
53. Kc3 Nf3 54. Bc4 Re3+ 55. Kc2 g3 56. Bf1 g2 57. Bxg2 Re2+ 58. Kd3 Rxg2 59. c6
Rg8 60. c7 Rc8 61. d6 Ne5+ 62. Kd4 Nd7 63. Kd5 Rg8 64. Kc6 Ne5+ 65. Kb6 Nf7 66.
d7 Rg6+ 67. Kxa5 1-0

[Event "8th Sunway Sitges 2021"]
[Site "Sitges ESP"]
[Date "2021.12.21"]
[Round "8.68"]
[White "Ezquerro Luque, Albert"]
[Black "Mullick, Raahil"]
[Result "0-1"]
[BlackTitle "IM"]
[WhiteElo "2112"]
[BlackElo "2323"]
[WhiteFideId "2276682"]
[BlackFideId "35080350"]
[EventDate "2021.12.13"]

1. e4 c5 2. Nc3 d6 3. f4 Nc6 4. Nf3 g6 5. Bb5 Bd7 6. O-O Bg7 7. d3 e6 8. Bxc6
Bxc6 9. f5 gxf5 10. exf5 Qd7 11. fxe6 fxe6 12. Ng5 O-O-O 13. Nf7 Bd4+ 14. Kh1
Nf6 15. Nxd8 Rxd8 16. Qe2 Bxc3 17. bxc3 Rg8 18. Rg1 e5 19. Qe3 Nh5 20. h3 Ng3+
21. Qxg3 Rxg3 22. Kh2 Qg7 0-1

[Event "8th Sunway Sitges 2021"]
[Site "Sitges ESP"]
[Date "2021.12.21"]
[Round "8.69"]
[White "Samant, Aditya S"]
[Black "Knudsen, Simon"]
[Result "1-0"]
[WhiteTitle "FM"]
[WhiteElo "2318"]
[BlackElo "2171"]
[WhiteFideId "35080580"]
[BlackFideId "12985546"]
[EventDate "2021.12.13"]

1. e4 c5 2. Nf3 e6 3. d4 cxd4 4. Nxd4 Nf6 5. Nc3 Nc6 6. Ndb5 d6 7. Bf4 e5 8. Bg5
a6 9. Na3 b5 10. Nd5 Be7 11. Bxf6 Bxf6 12. c3 Bb7 13. Nc2 Nb8 14. Nce3 Nd7 15.
h4 Nc5 16. b4 Nd7 17. a4 bxa4 18. Rxa4 O-O 19. Bc4 a5 20. g3 axb4 21. Rxa8 Qxa8
22. cxb4 Bd8 23. O-O Nb6 24. Nxb6 Bxb6 25. Qxd6 Qd8 26. Qxe5 Qd2 27. Nf5 1-0

[Event "8th Sunway Sitges 2021"]
[Site "Sitges ESP"]
[Date "2021.12.21"]
[Round "8.70"]
[White "Nandhidhaa, P V"]
[Black "Betaneli, Alexander"]
[Result "1/2-1/2"]
[WhiteTitle "WGM"]
[BlackTitle "FM"]
[WhiteElo "2313"]
[BlackElo "2163"]
[WhiteFideId "5050847"]
[BlackFideId "2012359"]
[EventDate "2021.12.13"]

1. e4 e5 2. Nf3 Nc6 3. Nc3 Nf6 4. Bb5 d6 5. d4 exd4 6. Nxd4 Bd7 7. Bxc6 bxc6 8.
Bg5 Be7 9. O-O O-O 10. Qd3 h6 11. Bh4 Re8 12. Rae1 c5 13. Nf5 Bxf5 14. exf5 c6
15. Bxf6 Bxf6 16. Rxe8+ Qxe8 17. Qxd6 Rd8 18. Qf4 Bxc3 19. bxc3 Qe2 20. Qe3 Qxc2
21. Qxc5 Rd1 22. g3 Rxf1+ 23. Kxf1 Qxa2 24. Qxc6 Qb1+ 25. Ke2 Qxf5 26. Qa8+ Kh7
27. Qxa7 Qc2+ 28. Kf1 Qb1+ 29. Kg2 Qe4+ 30. f3 Qc2+ 31. Kf1 Qb1+ 32. Kg2 Qc2+
33. Kg1 Qb1+ 34. Kg2 1/2-1/2

[Event "8th Sunway Sitges 2021"]
[Site "Sitges ESP"]
[Date "2021.12.21"]
[Round "8.71"]
[White "Mohamed, Anees M"]
[Black "Ruiz Buendia, Miguel"]
[Result "1-0"]
[WhiteTitle "FM"]
[WhiteElo "2312"]
[BlackElo "2141"]
[WhiteFideId "35065815"]
[BlackFideId "24537675"]
[EventDate "2021.12.13"]

1. e4 c5 2. Nf3 d6 3. d4 cxd4 4. Nxd4 Nf6 5. Nc3 a6 6. Bg5 e6 7. f4 Qb6 8. Qd2
Qxb2 9. Rb1 Qa3 10. e5 h6 11. Bh4 dxe5 12. fxe5 g5 13. Bf2 Ng4 14. Bg3 Bg7 15.
h4 Nxe5 16. hxg5 hxg5 17. Rxh8+ Bxh8 18. Rb3 Qa5 19. Ne4 Qxd2+ 20. Kxd2 Ke7 21.
Nxg5 Ng6 22. Ndf3 Nc6 23. Ne4 e5 24. a4 Na5 25. Rb6 Bf5 26. Nc5 Rd8+ 27. Kc1 Rd6
28. Rb4 Rc6 29. Nxb7 Rxc2+ 30. Kd1 Nc6 31. Rb6 a5 32. Be1 Nf4 33. Nxa5 Nxa5 34.
Bxa5 Nxg2 35. Rb7+ Kd6 36. Bd2 Nf4 37. Rxf7 Be4 38. Bb4+ Kc6 39. Bb5+ Kb6 40.
Nd2 Bg6 41. Rd7 Rb2 42. Nc4# 1-0

[Event "8th Sunway Sitges 2021"]
[Site "Sitges ESP"]
[Date "2021.12.21"]
[Round "8.72"]
[White "Karenza, Dita"]
[Black "Ortega Serra, Marc"]
[Result "1-0"]
[WhiteTitle "WIM"]
[WhiteElo "2026"]
[BlackElo "2292"]
[WhiteFideId "7101473"]
[BlackFideId "2293137"]
[EventDate "2021.12.13"]

1. e4 c5 2. c3 d5 3. exd5 Qxd5 4. d4 Nc6 5. Nf3 Bf5 6. Be2 cxd4 7. cxd4 Bxb1 8.
Rxb1 e6 9. a3 Nf6 10. O-O Bd6 11. h3 O-O 12. Be3 Rac8 13. Qa4 Bb8 14. Rbc1 Qd6
15. Qb3 b6 16. Ba6 Rcd8 17. Rfd1 Nd5 18. Bg5 Nce7 19. Bh4 Qf4 20. Bg3 Qh6 21.
Bxb8 Rxb8 22. Ne5 Rbd8 23. Qf3 Nf5 24. Nc6 Rd6 25. Rc2 Nf4 26. Bf1 Kh8 27. Kh2
a5 28. g3 Nd5 29. Bg2 Nf6 30. g4 Nh4 31. Qg3 Ne8 32. Ne5 Nxg2 33. Kxg2 Qf6 34.
Rc8 Qe7 35. Qf3 Rd5 36. Rdc1 Kg8 37. Rb8 Nd6 38. Rxb6 f5 39. Nc6 Qf6 40. Re1 f4
41. Re5 Nc4 42. Rxd5 Nxb6 43. Rxa5 Nc4 44. g5 Qf7 45. Ra7 Qe8 46. d5 Kh8 47. Qc3
f3+ 48. Kh2 e5 49. Qxc4 e4 50. Qd4 Qg6 51. Qe5 Re8 52. Re7 Rxe7 53. Nxe7 Qb6 54.
Kg3 1-0

[Event "8th Sunway Sitges 2021"]
[Site "Sitges ESP"]
[Date "2021.12.21"]
[Round "8.73"]
[White "Nur Abidah, Shanti"]
[Black "Alexiadis, Hristos"]
[Result "1/2-1/2"]
[WhiteTitle "WIM"]
[BlackTitle "FM"]
[WhiteElo "1986"]
[BlackElo "2285"]
[WhiteFideId "7104898"]
[BlackFideId "4249623"]
[EventDate "2021.12.13"]

1. e4 c5 2. Nf3 d6 3. d4 cxd4 4. Nxd4 Nf6 5. f3 a6 6. c4 e6 7. Nc3 Be7 8. Be3
O-O 9. Qd2 b6 10. g4 Bb7 11. O-O-O Nc6 12. h4 Rc8 13. Nxc6 Bxc6 14. Kb1 Nd7 15.
g5 b5 16. h5 Ne5 17. f4 Nxc4 18. Bxc4 bxc4 19. Rhg1 f5 20. Qd4 Qe8 21. h6 Qg6
22. Rh1 Rf7 23. hxg7 Qxg7 24. Qd2 Bxe4+ 25. Nxe4 fxe4 26. Bd4 e5 27. fxe5 dxe5
28. Bc3 Bxg5 29. Qh2 e3 30. Rdg1 h6 31. Bxe5 Qg6+ 32. Ka1 Kh7 33. Bc3 Re8 34.
Qe2 Re4 35. Qg2 Ref4 36. a3 Rf2 37. Qa8 Rf8 38. Qb7+ R2f7 39. Qd5 Qd3 40. Qxg5
Rf1+ 41. Be1 Qd1+ 42. Ka2 Qb3+ 43. Ka1 Qd1+ 44. Ka2 Qb3+ 45. Ka1 Qd1+ 1/2-1/2

[Event "8th Sunway Sitges 2021"]
[Site "Sitges ESP"]
[Date "2021.12.22"]
[Round "9.1"]
[White "Sethuraman, S.P."]
[Black "Cheparinov, Ivan"]
[Result "1/2-1/2"]
[WhiteTitle "GM"]
[BlackTitle "GM"]
[WhiteElo "2613"]
[BlackElo "2664"]
[WhiteFideId "5021596"]
[BlackFideId "2905540"]
[EventDate "2021.12.13"]

1. d4 Nf6 2. c4 e6 3. Nf3 d5 4. Nc3 c6 5. e3 Nbd7 6. Be2 Bd6 7. O-O O-O 8. b3 b6
9. Bb2 Bb7 10. Qc2 Rc8 11. Rad1 c5 12. dxc5 Nxc5 13. cxd5 Nce4 14. Qd3 Nxc3 15.
Bxc3 Nxd5 16. Bb2 Qe7 17. Qd4 f6 18. Bc4 f5 19. Qh4 Qxh4 20. Nxh4 a6 21. a4 Rcd8
22. Nf3 Rfe8 23. Rd2 Bb4 24. Rd3 Nc7 25. Rc1 Rxd3 26. Bxd3 Nd5 27. Ne5 Rc8 28.
Rxc8+ Bxc8 29. Bd4 Bd6 30. Bc4 Nb4 31. Nf3 Bc7 32. Bc3 Nd5 33. Bxd5 exd5 34. g3 1/2-1/2

[Event "8th Sunway Sitges 2021"]
[Site "Sitges ESP"]
[Date "2021.12.22"]
[Round "9.2"]
[White "Van Foreest, Lucas"]
[Black "Abdusattorov, Nodirbek"]
[Result "1/2-1/2"]
[WhiteTitle "GM"]
[BlackTitle "GM"]
[WhiteElo "2530"]
[BlackElo "2633"]
[WhiteFideId "1039792"]
[BlackFideId "14204118"]
[EventDate "2021.12.13"]

1. d4 Nf6 2. Nf3 e6 3. g3 b6 4. Bg2 Bb7 5. c4 Be7 6. O-O O-O 7. Nc3 Na6 8. Ne5
Bxg2 9. Kxg2 Qc8 10. e4 Bb4 11. Qf3 Bxc3 12. bxc3 d6 13. Nc6 Kh8 14. Ba3 Qd7 15.
e5 Ng8 16. d5 Ne7 17. Rad1 Nc5 18. Bxc5 bxc5 19. Nxe7 Qxe7 20. Rfe1 Rab8 21. Rd2
Qd7 22. Qg4 Rfe8 23. Rde2 Rb6 24. exd6 Rxd6 25. Qh5 Kg8 26. h4 g6 27. Qg5 Rf8
28. dxe6 Qc6+ 29. Kg1 fxe6 30. Re4 Rf5 31. Qe3 Kf7 32. Qh6 Kg8 33. Qe3 Kf7 34.
Rf4 Qd7 35. Rxf5+ exf5 36. Qxc5 f4 37. Qxa7 Rd3 38. Rf1 Qd6 39. Qa8 fxg3 40. Qh8
Rd1 41. Qxh7+ Kf6 42. Qh8+ Kf7 43. fxg3+ Rxf1+ 44. Kxf1 Qd1+ 45. Kf2 Qd2+ 46.
Kf3 Qd3+ 47. Kf2 Qd2+ 48. Kf3 Qd3+ 49. Kf4 Qd2+ 50. Ke4 Qg2+ 51. Ke5 Qxg3+ 52.
Kd5 Qd6+ 53. Ke4 Qc6+ 54. Ke3 Qe6+ 55. Kd2 Qxc4 56. a3 Qf4+ 1/2-1/2

[Event "8th Sunway Sitges 2021"]
[Site "Sitges ESP"]
[Date "2021.12.22"]
[Round "9.3"]
[White "Puranik, Abhimanyu"]
[Black "Erigaisi, Arjun"]
[Result "1-0"]
[WhiteTitle "GM"]
[BlackTitle "GM"]
[WhiteElo "2604"]
[BlackElo "2629"]
[WhiteFideId "5061245"]
[BlackFideId "35009192"]
[EventDate "2021.12.13"]

1. e4 c5 2. Nf3 e6 3. d4 cxd4 4. Nxd4 Nf6 5. Nc3 Nc6 6. Bf4 d6 7. Bg3 e5 8. Nxc6
bxc6 9. Bc4 Be7 10. Qd3 a5 11. O-O-O a4 12. f4 Qa5 13. a3 O-O 14. f5 Bd7 15. Kb1
Rfb8 16. Ka2 Qc5 17. Ka1 d5 18. exd5 Rxb2 19. Kxb2 e4 20. Nxe4 Nxe4 21. Be5 Nf2
22. Qc3 Nxh1 23. d6 Qb6+ 24. Ka1 Bf8 25. Rxh1 Bxf5 26. Bxf7+ Kxf7 27. Rf1 Qb5
28. Rxf5+ Kg8 29. Rf4 Rd8 30. Qd4 Qe2 31. Rf2 Qe1+ 32. Ka2 Bxd6 33. Qc4+ Kh8 34.
Bxg7+ 1-0

[Event "8th Sunway Sitges 2021"]
[Site "Sitges ESP"]
[Date "2021.12.22"]
[Round "9.4"]
[White "Kollars, Dmitrij"]
[Black "Safarli, Eltaj"]
[Result "1-0"]
[WhiteTitle "GM"]
[BlackTitle "GM"]
[WhiteElo "2622"]
[BlackElo "2579"]
[WhiteFideId "12909572"]
[BlackFideId "13402129"]
[EventDate "2021.12.13"]

1. e4 e5 2. Nf3 Nc6 3. Nc3 Nf6 4. Bb5 Bd6 5. d3 O-O 6. a4 Nd4 7. O-O Nxf3+ 8.
Qxf3 Be7 9. Bc4 d6 10. Be3 Be6 11. Bxe6 fxe6 12. Qh3 Qc8 13. Ne2 c6 14. f3 Bd8
15. a5 Bc7 16. f4 exf4 17. Nxf4 Re8 18. Ne2 e5 19. Qxc8 Raxc8 20. h3 Nd7 21. c4
b6 22. axb6 Bxb6 23. Bxb6 axb6 24. Ra7 Red8 25. Rfa1 Nc5 26. R1a3 Rd7 27. Rxd7
Nxd7 28. Kf2 Kf7 29. Ke3 Ke6 30. Nc3 Rc7 31. b4 b5 32. cxb5 cxb5 33. Nxb5 Rb7
34. Ra5 Nf6 35. g4 h6 36. Kd2 d5 37. Ke3 dxe4 38. dxe4 Nd7 39. Ra6+ Ke7 40. Nc3
Nf6 41. Rc6 Kd7 42. b5 Ne8 43. Rg6 Ra7 44. Kd3 Ra1 45. h4 Rf1 46. Nd5 Rf3+ 47.
Ke2 Rf7 48. Nb6+ Kd8 49. Nd5 Kd7 50. Ra6 Nd6 51. Ra7+ Kc8 52. Nb6+ Kd8 53. Rxf7
Nxf7 54. Nc4 Kd7 55. Kd3 1-0

[Event "8th Sunway Sitges 2021"]
[Site "Sitges ESP"]
[Date "2021.12.22"]
[Round "9.5"]
[White "Korobov, Anton"]
[Black "Kulaots, Kaido"]
[Result "1/2-1/2"]
[WhiteTitle "GM"]
[BlackTitle "GM"]
[WhiteElo "2699"]
[BlackElo "2519"]
[WhiteFideId "14105730"]
[BlackFideId "4500261"]
[EventDate "2021.12.13"]

1. e4 c5 2. Nf3 Nc6 3. d4 cxd4 4. Nxd4 e6 5. Nc3 Qc7 6. Be3 a6 7. g4 b5 8. Nxc6
Qxc6 9. Bg2 Bb7 10. Qd2 Nf6 11. f3 Bc5 12. O-O-O O-O 13. g5 Nh5 14. Ne2 Rac8 15.
Bxc5 Qxc5 16. Bh3 d5 17. e5 d4 18. Bg4 d3 19. Qxd3 Qxe5 20. h4 Nf4 21. Nxf4
Qxf4+ 22. Kb1 Bd5 23. b3 Rc6 24. Qd4 Qxd4 25. Rxd4 f5 26. gxf6 Rxf6 27. Rf1 Rc5
28. Re1 g6 29. f4 Rc3 30. Re5 Rg3 31. Be2 Rh3 32. c4 bxc4 33. bxc4 Bh1 34. h5
gxh5 35. Bxh5 Rh4 36. Be2 Rhxf4 37. Rxf4 Rxf4 38. Rxe6 Re4 1/2-1/2

[Event "8th Sunway Sitges 2021"]
[Site "Sitges ESP"]
[Date "2021.12.22"]
[Round "9.6"]
[White "Nihal, Sarin"]
[Black "Harsha, Bharathakoti"]
[Result "1-0"]
[WhiteTitle "GM"]
[BlackTitle "GM"]
[WhiteElo "2662"]
[BlackElo "2489"]
[WhiteFideId "25092340"]
[BlackFideId "5078776"]
[EventDate "2021.12.13"]

1. c4 e5 2. g3 c6 3. d4 e4 4. d5 Nf6 5. Nc3 Bb4 6. Bd2 O-O 7. Bg2 Re8 8. e3 Na6
9. Nge2 cxd5 10. cxd5 d6 11. h3 Nc5 12. O-O Nd3 13. Qb3 Bf5 14. Nxe4 Rxe4 15.
Qxd3 Re5 16. Qd4 Bxd2 17. Qxd2 Qd7 18. h4 Be4 19. Nc3 Bxg2 20. Kxg2 b5 21. a3
Qb7 22. Qe2 Nxd5 23. Nxd5 Qxd5+ 24. Kg1 Rc8 25. Rfd1 Qe6 26. Rd4 Rc4 27. Rad1
Rxd4 28. Rxd4 a6 29. Qd3 d5 30. a4 Qc6 31. axb5 axb5 32. Rb4 d4 33. Rxd4 g6 34.
Rd8+ Kg7 35. Qd6 Qxd6 36. Rxd6 Re4 37. Rd4 Re5 38. Kg2 h5 39. b4 f5 40. Kf3 Kf6
41. Kf4 Re6 42. f3 Rc6 43. e4 fxe4 44. fxe4 1-0

[Event "8th Sunway Sitges 2021"]
[Site "Sitges ESP"]
[Date "2021.12.22"]
[Round "9.7"]
[White "Kacharava, Nikolozi"]
[Black "Niemann, Hans Moke"]
[Result "1-0"]
[WhiteTitle "IM"]
[BlackTitle "GM"]
[WhiteElo "2469"]
[BlackElo "2645"]
[WhiteFideId "13611860"]
[BlackFideId "2093596"]
[EventDate "2021.12.13"]

1. e4 c5 2. Nf3 Nc6 3. d4 cxd4 4. Nxd4 Nf6 5. Nc3 d6 6. Bg5 e6 7. Qd3 a6 8. Nxc6
bxc6 9. O-O-O Be7 10. Qg3 d5 11. e5 Nh5 12. Bxe7 Qxe7 13. Qe3 g6 14. g4 Ng7 15.
Qh6 f5 16. Bd3 O-O 17. h4 fxg4 18. h5 Nxh5 19. Bxg6 hxg6 20. Qxg6+ Ng7 21. Rd4
Rf5 22. Rxg4 Qf7 23. Qh6 Kf8 24. Rhg1 Ra7 25. Rxg7 Qxg7 26. Rxg7 Rxg7 27. f4 Kg8
28. Na4 Rg4 29. Nb6 1-0

[Event "8th Sunway Sitges 2021"]
[Site "Sitges ESP"]
[Date "2021.12.22"]
[Round "9.8"]
[White "Fier, Alexandr"]
[Black "Quintiliano Pinto, Renato R."]
[Result "1/2-1/2"]
[WhiteTitle "GM"]
[BlackTitle "IM"]
[WhiteElo "2572"]
[BlackElo "2466"]
[WhiteFideId "2107139"]
[BlackFideId "2117568"]
[EventDate "2021.12.13"]

1. c4 e6 2. Nc3 d5 3. d4 Nf6 4. Nf3 c6 5. Bg5 h6 6. Bh4 dxc4 7. e4 g5 8. Bg3 b5
9. Be2 Bb7 10. h4 g4 11. Ne5 Nbd7 12. Nxd7 Qxd7 13. Be5 Qe7 14. O-O Rg8 15. Qc2
Nh5 16. d5 Qxh4 17. Nxb5 cxb5 18. Bxc4 a6 19. dxe6 fxe6 20. Bxe6 Qe7 21. Bxg8
Qxe5 22. Qb3 Bd6 23. Qf7+ Kd8 24. Rfd1 Qh2+ 25. Kf1 Bxe4 26. Ke1 Bc2 27. Rd5 Qf4
28. Qxh5 Ke7 29. Rxd6 Qxd6 30. Qf7+ Kd8 31. Kf1 Bg6 32. Qg7 g3 33. Bb3 Bd3+ 34.
Kg1 gxf2+ 35. Kxf2 Qc5+ 36. Kg3 Qd6+ 37. Kh3 Rc8 38. Rd1 Rc5 39. Qg8+ Kc7 40.
Qf7+ Kb8 41. g3 Rf5 42. Qe8+ Kb7 43. Qe4+ Bxe4 44. Rxd6 Rh5+ 45. Kg4 Rh2 46. Kf4
Bc6 47. g4 a5 48. Kg3 Rxb2 49. Rxh6 1/2-1/2

[Event "8th Sunway Sitges 2021"]
[Site "Sitges ESP"]
[Date "2021.12.22"]
[Round "9.9"]
[White "Sankalp, Gupta"]
[Black "Kadric, Denis"]
[Result "1-0"]
[WhiteTitle "IM"]
[BlackTitle "GM"]
[WhiteElo "2504"]
[BlackElo "2572"]
[WhiteFideId "5097010"]
[BlackFideId "14403803"]
[EventDate "2021.12.13"]

1. e4 c5 2. Nf3 Nc6 3. d4 cxd4 4. Nxd4 e5 5. Nb5 d6 6. c4 g6 7. N1c3 a6 8. Na3
Be6 9. Nc2 Rc8 10. Be3 Nf6 11. Be2 Ne7 12. O-O Bg7 13. a4 Bxc4 14. Bxc4 Rxc4 15.
Qd3 Qc7 16. Na3 Rb4 17. Rfc1 Qd7 18. Nc4 O-O 19. Na2 Rxc4 20. Rxc4 d5 21. exd5
Nf5 22. Nc3 Nd6 23. Rb4 Rc8 24. a5 Ng4 25. Ne4 Nxe4 26. Rxe4 Nxe3 27. Rxe3 Qd6
28. Qb3 Rc5 29. Qxb7 Rxd5 30. Qb6 Bf8 31. Qxd6 Bxd6 32. Rc3 Bc5 33. Kf1 e4 34.
Rc4 f5 35. Ke2 Be7 36. b4 Rb5 37. Rb1 Kf7 38. Kd2 Ke6 39. Kc3 Bf6+ 40. Kb3 Be7
41. Ka4 Kd5 42. Rc7 Bd6 43. Ra7 Kc4 44. Rxa6 Rxb4+ 45. Rxb4+ Bxb4 46. Rc6+ Kd5
47. Rc2 1-0

[Event "8th Sunway Sitges 2021"]
[Site "Sitges ESP"]
[Date "2021.12.22"]
[Round "9.10"]
[White "Pranav, Anand"]
[Black "Dardha, Daniel"]
[Result "1-0"]
[WhiteTitle "IM"]
[BlackTitle "GM"]
[WhiteElo "2416"]
[BlackElo "2533"]
[WhiteFideId "46626786"]
[BlackFideId "240990"]
[EventDate "2021.12.13"]

1. d4 d5 2. c4 e6 3. Nf3 a6 4. g3 dxc4 5. Bg2 Nf6 6. O-O b5 7. a4 Bb7 8. Nc3 b4
9. Nb1 c5 10. Be3 Nbd7 11. Nbd2 cxd4 12. Bxd4 Rc8 13. Rc1 Bd5 14. Re1 c3 15.
bxc3 bxc3 16. Rxc3 Bb4 17. Rxc8 Qxc8 18. e4 Bb7 19. Qb1 a5 20. e5 Nd5 21. Ne4
O-O 22. Nfg5 g6 23. Nd6 Bxd6 24. exd6 Ba8 25. Qc1 Qd8 26. Nf3 Re8 27. Ba1 Qb6
28. Qh6 N5f6 29. Qf4 Qb4 30. Qxb4 axb4 31. Rb1 Rb8 32. Bxf6 Nxf6 33. Ne5 Bxg2
34. Kxg2 Kf8 35. d7 Rd8 36. Rxb4 Nxd7 37. Rd4 Ke8 38. Rxd7 Rxd7 39. Nxd7 Kxd7
40. Kf3 e5 41. Ke4 Ke6 42. g4 f5+ 43. gxf5+ gxf5+ 44. Kd3 Kd5 45. a5 Kc5 46. a6
Kb6 47. Kc4 Kxa6 48. Kd5 e4 49. Ke5 Kb6 50. Kxf5 Kc5 51. Kxe4 Kd6 52. Kf5 Ke7
53. Kg5 Kf7 54. Kh6 Kg8 55. f4 Kh8 56. Kg5 Kg7 57. Kf5 Kf7 58. Ke5 Ke7 59. f5
Kf7 60. f6 Kf8 61. Ke6 Ke8 62. f7+ Kf8 63. Kf6 h6 64. Kg6 h5 65. h4 1-0

[Event "8th Sunway Sitges 2021"]
[Site "Sitges ESP"]
[Date "2021.12.22"]
[Round "9.11"]
[White "Karthikeyan, Murali"]
[Black "Taher, Yoseph Theolifus"]
[Result "1/2-1/2"]
[WhiteTitle "GM"]
[BlackTitle "IM"]
[WhiteElo "2630"]
[BlackElo "2455"]
[WhiteFideId "5074452"]
[BlackFideId "7105347"]
[EventDate "2021.12.13"]

1. e4 e6 2. d4 d5 3. Nc3 Bb4 4. Ne2 dxe4 5. a3 Bxc3+ 6. Nxc3 Nc6 7. Bf4 Nf6 8.
Bb5 Nd5 9. Bd2 O-O 10. Bxc6 Nxc3 11. Bxc3 bxc6 12. Qd2 Qd5 13. O-O-O f5 14. Qf4
Qd6 15. Qe3 Qd5 16. f3 f4 17. Qxe4 Qxe4 18. fxe4 Ba6 19. Rd2 f3 20. gxf3 Rxf3
21. Rg1 Raf8 22. Rg5 Rf1+ 23. Rd1 Rxd1+ 24. Kxd1 Rf1+ 25. Be1 Rh1 26. h4 Rh2 27.
Bg3 Rg2 28. Bxc7 Be2+ 29. Kd2 Rxg5 30. hxg5 Bf3 31. Ke3 Bd1 32. c4 h6 33. Kf4
Kf7 34. Ke5 Ke7 35. b4 a6 36. d5 exd5 37. cxd5 Kd7 38. Bb6 cxd5 39. gxh6 gxh6
40. exd5 h5 41. Bf2 Be2 42. Kd4 a5 43. bxa5 Kc8 44. Kc5 Kb7 45. d6 Bg4 46. Kd5
Bd7 47. Ke5 Bg4 48. Kf6 Bd7 49. Ke7 Bg4 50. d7 Bxd7 51. Kxd7 Ka8 52. Kc6 h4 53.
Bxh4 Ka7 54. Bf2+ Ka8 55. Kc7 1/2-1/2

[Event "8th Sunway Sitges 2021"]
[Site "Sitges ESP"]
[Date "2021.12.22"]
[Round "9.12"]
[White "Vocaturo, Daniele"]
[Black "Rios, Cristhian Camilo"]
[Result "1-0"]
[WhiteTitle "GM"]
[BlackTitle "GM"]
[WhiteElo "2621"]
[BlackElo "2460"]
[WhiteFideId "813192"]
[BlackFideId "4403940"]
[EventDate "2021.12.13"]

1. e4 c5 2. c3 Nf6 3. e5 Nd5 4. Nf3 e6 5. d4 cxd4 6. cxd4 d6 7. Bc4 Nc6 8. O-O
Be7 9. Qe2 O-O 10. Rd1 Na5 11. Bd3 Nb4 12. Nc3 Nxd3 13. Rxd3 b6 14. Qe4 Ba6 15.
Rd1 Bb7 16. Qg4 Bxf3 17. Qxf3 dxe5 18. dxe5 Qc7 19. Bf4 Rfd8 20. Ne4 Rxd1+ 21.
Rxd1 Rd8 22. Rc1 Qb7 23. h3 Rd4 24. Nf6+ gxf6 25. Qg3+ Kf8 26. exf6 Bxf6 27.
Bh6+ Ke8 28. Rc7 Qxc7 29. Qxc7 Rd7 30. Qg3 Ke7 31. Bg5 Nb7 32. h4 Bxg5 33. Qxg5+
Kf8 34. Qe5 Kg8 35. Qg3+ Kf8 36. Qc3 1-0

[Event "8th Sunway Sitges 2021"]
[Site "Sitges ESP"]
[Date "2021.12.22"]
[Round "9.13"]
[White "Pranesh, M"]
[Black "Megaranto, Susanto"]
[Result "1-0"]
[WhiteTitle "IM"]
[BlackTitle "GM"]
[WhiteElo "2437"]
[BlackElo "2548"]
[WhiteFideId "35028600"]
[BlackFideId "7101384"]
[EventDate "2021.12.13"]

1. e4 d5 2. exd5 Qxd5 3. Nc3 Qa5 4. d4 c6 5. Bc4 Bf5 6. g4 Be4 7. Nf3 Bd5 8. b4
Qd8 9. Nxd5 cxd5 10. Bb5+ Nc6 11. Ne5 Qb6 12. c4 f6 13. Nxc6 bxc6 14. Ba4 e6 15.
O-O Kf7 16. c5 Qc7 17. Re1 g5 18. b5 h5 19. gxh5 cxb5 20. Bxb5 Ne7 21. Qe2 Kg7
22. Qg4 Qa5 23. Rxe6 Qc3 24. Bxg5 Qxa1+ 25. Kg2 Rg8 26. h6+ Kh7 27. Bd3+ Ng6 28.
Rxf6 Be7 29. Rxg6 Rxg6 30. Qe6 Rg8 31. Bxg6+ Rxg6 32. Qf7+ 1-0

[Event "8th Sunway Sitges 2021"]
[Site "Sitges ESP"]
[Date "2021.12.22"]
[Round "9.14"]
[White "Molina, Roberto Junio Brito"]
[Black "Livaic, Leon"]
[Result "0-1"]
[WhiteTitle "IM"]
[BlackTitle "IM"]
[WhiteElo "2420"]
[BlackElo "2547"]
[WhiteFideId "2109450"]
[BlackFideId "14531534"]
[EventDate "2021.12.13"]

1. d4 Nf6 2. c4 e6 3. Nf3 d5 4. Nc3 Bb4 5. cxd5 exd5 6. Bg5 h6 7. Bh4 g5 8. Bg3
Ne4 9. Rc1 c6 10. e3 Be6 11. Nd2 Nxg3 12. hxg3 Nd7 13. Bd3 Nb6 14. a3 Bf8 15.
Qe2 Bg7 16. f4 Qe7 17. b4 a5 18. f5 Bd7 19. O-O axb4 20. axb4 O-O 21. Kh1 Rfe8
22. e4 Bxd4 23. f6 Bxf6 24. Qh5 Bg7 25. e5 Be6 26. Rce1 Nd7 27. g4 Qxb4 28. Bf5
Qxc3 29. Bxe6 fxe6 30. Qf7+ Kh8 31. Nf3 Nxe5 32. Nxe5 Bxe5 33. Qg6 Re7 34. Rc1 0-1